[Event "Memorial Jirasek"]
[Site "Rakovnik CEC"]
[Date "2008.08.10"]
[Round "2"]
[White "Ftacnik, L."]
[Black "Jirka, J."]
[Result "1-0"]
[WhiteElo "2544"]
[BlackElo "2457"]
[PlyCount "65"]
[EventDate "2008.08.09"]
[Source "www.chesslib.no"]
[SourceDate "2004.05.04"]

1. c4 e5 2. Nc3 Nc6 3. Nf3 g6 4. d4 exd4 5. Nxd4 Bg7 6. Nxc6 bxc6 7. g3 Ne7 8. Bg2 O-O 9. O-O Rb8 10. Qa4 d6 11. Rd1 c5 12. Qxa7 Be6 13. Bd5 Nxd5 14. cxd5 Bd7 15. Qa3 Re8 16. Be3 Re5 17. Bf4 Rh5 18. f3 g5 19. g4 Rh3 20. Kg2 gxf4 21. Kxh3 h5 22. Rg1 hxg4+ 23. fxg4 Qg5 24. Kg2 f5 25. Qa7 Rxb2 26. Qxc7 Bxc3 27. Qxd7 fxg4 28. Kh1 Qxd5+ 29. Rg2 g3 30. Rf1 Be5 31. hxg3 Kf8 32. Qd8+ Kf7 33. gxf4 1-0

[Event "A.E. Axelsson Memorial 8493"]
[Site "A.E. Axelsson Memorial 8493"]
[Date "1984.??.??"]
[Round "?"]
[White "Engel, Klaus Eberhard"]
[Black "Arnlind, Eric A"]
[Result "1/2-1/2"]
[WhiteElo "2420"]
[BlackElo "2575"]
[PlyCount "91"]
[EventDate "1984.??.??"]
[Source "www.chesslib.no"]
[SourceDate "2004.05.04"]

1. c4 e5 2. Nc3 Nc6 3. Nf3 f5 4. d4 e4 5. Ng5 h6 6. Nh3 g5 7. e3 Nf6 8. Be2 Bg7 9. Bh5+ Kf8 10. Be2 d5 11. cxd5 Ne7 12. Bc4 Nexd5 13. Nxd5 Nxd5 14. f3 exf3 15. Qxf3 Nb6 16. Qe2 Nxc4 17. Qxc4 Bf6 18. O-O Kg7 19. Nf2 Re8 20. Bd2 Be6 21. Qc2 c6 22. g4 Qd5 23. Rae1 Qf3 24. gxf5 Bxf5 25. e4 Bxd4 26. Be3 Bf6 27. Bc5 Bg6 28. Re3 Qf4 29. h3 Qc7 30. Ng4 Be5 31. Rf5 Kh7 32. h4 gxh4 33. Rxe5 Rxe5 34. Qh2 Qd8 35. Qxe5 Qd1+ 36. Kh2 Qxg4 37. Qc7+ Kg8 38. Bd4 Bf7 39. Qe5 Kh7 40. Rf3 Be6 41. Qc7+ Kg8 42. Qe7 Qg6 43. Qxh4 h5 44. Rc3 Bg4 45. Rc5 Qd6+ 46. Re5 1/2-1/2

[Event "Dortmund GM"]
[Site "Dortmund"]
[Date "2000.07.10"]
[Round "4"]
[White "Mikhalchishin, Adrian"]
[Black "Skripchenko Lautier, Almira"]
[Result "1-0"]
[WhiteElo "2544"]
[BlackElo "2450"]
[PlyCount "67"]
[EventDate "2000.07.07"]
[Source "ChessBase"]
[SourceDate "2000.10.18"]

1. c4 e5 2. Nc3 Nc6 3. Nf3 f5 4. d4 e4 5. Bg5 Be7 6. Bxe7 Ncxe7 7. Nd2 Nf6 8. e3 d6 9. Be2 c6 10. f4 exf3 11. Nxf3 Ne4 12. Qc2 Qa5 13. O-O Nxc3 14. bxc3 Qc7 15. Bd3 O-O 16. Rae1 g6 17. Qf2 Kg7 18. Qh4 d5 19. g4 b6 20. e4 dxe4 21. Bxe4 Ng8 22. gxf5 Bxf5 23. Bxf5 Rxf5 24. Ng5 Kh8 25. Rxf5 gxf5 26. Kh1 b5 27. d5 Qg7 28. d6 h6 29. Ne6 Qxc3 30. d7 bxc4 31. d8=Q Rxd8 32. Nxd8 Qd2 33. Ne6 c5 34. Qg3 1-0